Lietajúci kvet verše

Bibliographic Details
Main Author: Rázusová-Martáková, Mária, 1905-1964 (Author)
Other Authors: Vodrážka, Jaroslav, 1894-1984 (Illustrator)
Format: Book
Language:Slovak
PhysicalDescription:78 strán farebné ilustrácie 25 cm
Published: Bratislava Mladé letá 1959
Edition:Vydanie prvé
Subjects:

MARC

LEADER 00000cam a2200000 a 4500
001 vtls009729355
003 SK-MaSNL
005 20260301171455.0
008 220511s1959 xo a cr 000 p slo
015 |a SNBA1959 
020 |q (viazané) 
035 |a (SVKBBclas03)vtls000101344 
035 |a urn:nbn:sk:snk-am3ifw6 
035 |a urn:nbn:sk:snk-am00e8re 
035 |a 38292801-1FEF-46B5-B66A-F053449E9F0A 
040 |a SNK  |b slo  |c SNK  |e AACR2 
041 0 |a slo 
044 |a xo  |c SK 
072 7 |a 821.162.4-1  |x Slovenská poézia  |2 konspekt 
072 7 |a 821-93  |x Literatúra pre deti a mládež (beletria)  |2 konspekt 
080 |a 821.162.4-1  |2 2011 
080 |a 82-1-053.2  |2 2011 
080 |a 82-93-053.4/.5  |2 2011 
100 1 |a Rázusová-Martáková, Mária,  |d 1905-1964  |4 aut  |9 17404 
245 1 0 |a Lietajúci kvet  |b verše  |c M. Rázusová-Martáková ; ilustroval Jaroslav Vodrážka 
250 |a Vydanie prvé 
260 |a Bratislava  |b Mladé letá  |c 1959  |e Martin  |f Tlačiarne Slovenského národného povstania 
300 |a 78 strán  |b farebné ilustrácie  |c 25 cm 
366 |e 10270 kusov 
521 8 |a Pre čitateľov od 9 rokov 
655 7 |a slovenská poézia  |2 SNKPH  |9 70444 
655 7 |a poézia pre deti  |2 SNKPH  |9 86748 
655 7 |a literatúra pre deti  |2 SNKPH  |9 87135 
655 7 |a Slovak poetry  |2 SNKPHeng  |9 265010 
655 7 |a children´s poetry  |2 SNKPHeng  |9 278566 
655 7 |a Children's literature  |2 SNKPHeng  |9 276039 
700 1 |a Vodrážka, Jaroslav,  |d 1894-1984  |4 ill  |9 107246 
954 |a beletria pôvodná (slovenská)  |2 lita 
958 |a LX 
958 |a DB 
958 |a OND 
999 |c 830951  |d 832881 
952 |a SNK  |b SNK  |y PREZ  |7 0  |p 17A0844823  |o snkSC 13725  |i snkKSP 3662/59  |0 0  |1 0  |4 0  |d 2020-02-20  |f 1  |l 0  |r 2025-07-16 00:00:00  |w 2026-02-24 
952 |t P60, <05>, [BOOK], {605}  |a SNK  |b SNK  |y PREZ  |7 0  |p 17A0178437  |o snkSC 13725 D1  |0 0  |1 0  |4 0  |d 1999-01-25  |l 0  |r 2005-01-02 00:00:00  |w 2026-02-24